Prénoms filles données en France 1900-2024 - Statistiques

Statistiques générales
  • Ce quiz a été pris 1 079 fois
    651 depuis la dernière actualisation
  • Le résultat moyen est 77 sur 293
Statistiques - réponses
Hint Réponse % Correct
A Anna / Ana
89%
A Anne
83%
A Alice
82%
A Amel
78%
C Chloé/ Cloé
76%
A Amélie
72%
C Camille
72%
C Charlotte
72%
B Béatrice
71%
A Alicia/ Alycia
68%
A Aure
68%
A Annie
67%
C Céline
67%
C Clara
67%
A Aurélie
65%
C Caroline
63%
C Christine / Chrystine
63%
A Agathe
62%
A Amandine
62%
A Ambre
61%
A Aline
60%
C Catherine
60%
A Adèle
59%
B Brigitte
59%
C Christelle / Christèle / Christel
59%
C Corine / Corinne
59%
A Alba
57%
A Anaïs
57%
A Aria / Arya
57%
A Audrey
57%
C Célia / Célya
57%
C Charline
57%
C Charline / Charlyne
57%
A Amélia
56%
C Cécile
56%
C Carine
55%
C Christiane / Christyane
55%
C Clémence
55%
C Cora
55%
B Bernadette
54%
C Carla
54%
A Alexandra
53%
C Charlie / Charly
53%
C Clémentine
53%
A Adeline
52%
C Claire
52%
A Aurore
51%
C Carole
51%
A Alya / Alia / Aliyah
50%
A Angélique
50%
A Ava
50%
C Claude
50%
C Coralie
50%
A Angèle
48%
A Apolline / Appoline
48%
A Aude
47%
A Axelle
47%
C Charlène
47%
C Coline / Colline
47%
A Alma
46%
A Annick / Annik
46%
A Armel / Armelle
46%
B Bérénice
46%
C Chantal / Chantale
45%
A Antoinette
44%
C Claudine
44%
A Alexia
43%
A Andréa
43%
A Andrée
43%
A Astrid / Astride
43%
B Blanche
43%
A Anaé
42%
A Amanda
41%
A Anne Marie
41%
A Aurélia
41%
A Assia / Assya
40%
C Cécilia
40%
C Clarisse
40%
A Anaëlle / Annaëlle
39%
C Cléa
39%
A Alix
38%
A Alizée
38%
A Ariane / Arianne
38%
B Bénédicte
38%
B Bérangère
38%
C Cassandra
38%
C Cassandre
38%
A Albane
37%
C Claudia
37%
C Clotilde / Clothilde
37%
C Colette / Collette
37%
A Annabelle / Annabel
36%
A Aya
36%
B Barbara
36%
C Camélia
36%
A Aimée
35%
A Angelyna / Angelina
35%
A Armande
35%
C Capucine
35%
C Cléo
35%
A Agnès
34%
C Claudette
34%
A Abigaël / Abigail / Abigaëlle
33%
A Adelaïde
33%
A Alina / Alinna
33%
A Augustine
33%
C Cindy / Cindie
33%
A Adrienne
32%
A Amina
32%
A Anita / Annita
32%
C Camila / Camilla
32%
C Cathy / Cathie
32%
C Constance
32%
A Anne Sophie
31%
B Bella
31%
B Blandine
31%
C Candice
31%
C Carmen
31%
C Célina
31%
A Angela
30%
A Angeline / Angelyne
30%
A Athena
30%
A Albertine
29%
A Amy / Aimy
29%
A Ariel / Arielle
29%
C Coraline
29%
A Adria
28%
A Anne Laure
28%
B Berthe
28%
C Céleste
28%
A Agatha
27%
A Alexandrine
27%
A Anouck / Anouk
27%
B Belle
27%
A Adriana / Adrianna
26%
A Aglaé
26%
A Arlette
25%
B Bianca
25%
C Chiara / Ciara
25%
A Abbie / Abby / Aby
24%
A Anastasia
24%
A Anne Lise
24%
B Bertille
24%
B Brune
24%
C Christina / Cristina
24%
A Anissa
23%
A Alison / Allison / Alyson
22%
A Ania / Anya
22%
B Belinda
22%
C Cynthia
22%
A Aurora
21%
B Betty
21%
C Carolina
21%
C Célestine
21%
C Cyrielle
21%
A Anette
20%
A Aïcha
19%
A Alberte
19%
A Alessia/ Alessya
19%
A Auriane
19%
C Clélia
19%
A Augusta
18%
A Alphonsine
17%
A Amalia
17%
A Antonia
17%
B Benoîte
17%
B Brenda
17%
C Cassie / Cassy
17%
A Ambrine
16%
C Cerise
16%
A Aliénor
15%
A Alyssa
15%
A Asma
15%
C Calie / Callie
15%
A Adélina
14%
A Ameline
14%
A Aminata
14%
A Amira
14%
A Athenaïs
14%
C Chimène
14%
C Clarissa
14%
C Corentine
14%
B Benjamine
13%
B Bertha
13%
B Billie / Billy
13%
C Cyrille
13%
A Alana
12%
A Alexie
12%
A Anne Françoise
12%
A Anastasie
11%
A April
11%
B Bettina
11%
B Bonnie
11%
A Alessandra
10%
A Angie
10%
A Anne Charlotte
10%
A Awa
10%
B Bruna
10%
B Brunette
10%
C Célimène
10%
A Alexiane
9%
A Ashley
9%
A Azel
9%
C Candy
9%
C Carlotta
9%
C Catarina
9%
C Clio
9%
C Cunegonde
9%
A Adolphine
8%
A Alexane
8%
A Aziza
8%
B Beatrix
8%
C Cassiopée
8%
C Cataléya
8%
C Chanel / Chanelle
8%
A Alfreda
7%
A Ambroisine
7%
A Anna Bella
7%
C Calypso
7%
C Cheryl
7%
C Clélie
7%
A Aliette
6%
A Anne Rose
6%
A Azélie
6%
A Azra
6%
B Beryl
6%
B Bintou
6%
C Cannelle / Canelle
6%
C Catalina
6%
C Céliane
6%
C Chelsea
6%
C Cheyenne
6%
C Colombe
6%
C Constantine
6%
A Andie
5%
A Armance
5%
A Assa
5%
B Binta
5%
C Carmela
5%
C Chaïma
5%
C Charlize
5%
C Chérine
5%
C Ciara
5%
C Clairette
5%
C Cléophée
5%
C Crystal / Chrystal
5%
A Aelys
4%
A Aïna
4%
A Alizéa
4%
A Anthea
4%
A Aubane
4%
C Cyprienne
4%
A Alvina
3%
A Alyna
3%
A Anne Elisabeth
3%
A Annie Claude
3%
A Antonie
3%
A Auxane
3%
B Britanie
3%
C Calixte
3%
C Coleen / Colleen
3%
C Cyrine
3%
A Aïssatou
2%
A Albanie
2%
A Alexina
2%
A Alida
2%
A Automne
2%
A Ayline
2%
B Becky / Beckie
2%
B Beverley
2%
B Bleuette
2%
B Brunella
2%
C Caitleen
2%
C Candide
2%
C Carole Anne
2%
C Castille
2%
C Cheriffa
2%
C Coumba
2%
A Alaïa
1%
A Amani
1%
A Amantine
1%
A Arlène
1%
A Armantine
1%
A Arwen
1%
A Avigaïl
1%
A Ayse
1%
B Betty Lou
1%
C Circé
1%
C Conchita
1%
A Ambeline
0%
A Arwa
0%
C Camille Lou
0%
Aucun quiz correspondant
Distribution des résultats
% des personnes avec chaque résultat
Percentile par nombre de réponses
Votre historique - résultats
Vous n’avez pas pris ce quiz depuis la dernière actualisation